Zborník prác z 15. ročníka celoslovenského kola Študentskej vedeckej odbornej činnosti v odbore Sociálna práca konaného 2. mája 2018 v Prešove

Bibliographic Details
Corporate Author: Prešovská univerzita v Prešove. Filozofická fakulta. ŠVOČ (Author)
Other Authors: Kvašňáková, Lenka, 1982- (Editor)
Format: Software eBook
Language:Slovak
PhysicalDescription:1 CD-ROM farebný 12 cm
Published: Prešov Prešovská univerzita v Prešove 2018
ISBN:9788055521459
Edition:Vydanie: prvé
Subjects:
Online Access:http://www.pulib.sk/web/kniznica/elpub/dokument/Kvasnakova3

MARC

LEADER 00000nam a2200000 4500
001 vtls012014436
003 SK-MaSNL
005 20260302024435.0
007 co cg muuua
008 210215s2018 xo | fq 000 0 slo
015 |a SNBS2021 
020 |a 9788055521459  |q (elektronická kniha) 
040 |a SNK  |b slo  |c SNK  |e rda 
041 0 |a slo  |b eng 
044 |a xo  |c SK 
072 7 |a 364  |x Sociálne problémy vyžadujúce podporu a pomoc. Sociálne zabezpečenie  |2 konspekt 
080 |a 364-78  |2 2011 
080 |a 364-7  |2 2011 
080 |a 364-43  |2 2011 
080 |a 364-4  |2 2011 
080 |a (082)  |2 2011 
080 |a (079)37.091.27  |2 2011 
080 |a (0.034.44)  |2 2011 
110 2 |a Prešovská univerzita v Prešove.  |b Filozofická fakulta.  |b ŠVOČ  |n (15. :  |d 2018 :  |c Prešov, Slovensko)  |4 aut  |9 672485 
245 1 0 |a Zborník prác z 15. ročníka celoslovenského kola Študentskej vedeckej odbornej činnosti v odbore Sociálna práca konaného 2. mája 2018 v Prešove  |c Lenka Kvašňáková (ed.) 
250 |a Vydanie: prvé 
264 1 |a Prešov  |b Prešovská univerzita v Prešove  |c 2018 
300 |a 1 CD-ROM  |b farebný  |c 12 cm 
336 |a text  |b txt  |2 rdacontent 
337 |a počítač  |b c  |2 rdamedia 
338 |a počítačový disk  |b cd  |2 rdacarrier 
347 |a textový súbor  |b PDF  |2 rda 
347 |a textový súbor  |b html  |2 rda 
500 |a Nad názvom: Prešovská univerzita v Prešove. Filozofická fakulta 
504 |a Obsahuje bibliografické odkazy 
546 |a Resumé anglicky 
650 0 7 |a sociálna práca  |2 SNKPH  |9 1550 
650 0 7 |a sociálne služby  |2 SNKPH  |9 3721 
650 0 7 |a sociálni pracovníci  |2 SNKPH  |9 68206 
650 0 7 |a pomáhajúce profesie  |2 SNKPH  |9 75467 
650 0 7 |a Social work  |2 SNKPHeng  |9 268197 
650 0 7 |a Social service  |2 SNKPHeng  |9 267835 
650 0 7 |a Social workers  |2 SNKPHeng  |9 275966 
650 0 7 |a Helping professions  |2 SNKPHeng  |9 275967 
655 7 |a CD-ROM  |2 SNKPH  |9 70236 
655 7 |a zborníky  |2 SNKPH  |9 70165 
655 7 |a študentské práce  |2 SNKPH  |9 119560 
655 7 |a Miscellanea  |2 SNKPHeng  |9 265155 
655 7 |a Student theses  |2 SNKPHeng  |9 265359 
700 1 |a Kvašňáková, Lenka,  |d 1982-  |4 edt  |9 489531 
710 2 |a Prešovská univerzita v Prešove.  |b Filozofická fakulta  |4 pbl  |9 179573 
856 4 1 |u http://www.pulib.sk/web/kniznica/elpub/dokument/Kvasnakova3 
919 |a 978-80-555-2145-9 
958 |a NB 
999 |c 1040452  |d 1042382 
952 |a SNK  |b SNK  |y PREZ  |7 0  |p 17A1449589  |o snkSCDM 11458  |i snk2021/707  |8 0  |0 0  |1 0  |4 0  |d 2021-02-15  |l 0  |r 2026-02-24 14:22:08  |w 2026-02-24